Miraculous - Les Transformations - Statistiques

Statistiques générales
  • Ce quiz a été pris 854 fois
    47 depuis la dernière actualisation
  • Le résultat moyen est 33 sur 83
Statistiques - réponses
Personnage Miraculous Pseudonyme % Correct
Marinette Dupain-Cheng Coccinelle Ladybug
100%
Marinette Dupain-Cheng Coccinelle (forme aquatique) Aquabug
86%
Adrien Agreste Chat Noir (akumatisé) Chat Blanc
69%
Adrien Agreste Chat Noir Chat Noir
69%
Marinette Dupain-Cheng Cocinelle (forme spatiale) Cosmobug
66%
Adrien Agreste Chat Noir (forme aquatique) Aqua Noir
60%
Marinette Dupain-Cheng Coccinelle + Dragon Dragon Bug
60%
Marinette Dupain-Cheng Coccinelle + Abeille Lady Bee
60%
Gabriel Agreste Papillon Le Papillon
60%
Adrien Agreste Coccinelle Misterbug
57%
Gabriel Agreste Papillon (saison 5) Monarque
57%
Chloé Bourgeois Abeille Queen Bee
57%
Alya Césaire Renard Rena Rouge
54%
Marinette Dupain-Cheng Coccinelle (forme glaciale) Lady Ice
51%
Marinette Dupain-Cheng Chat Noir Lady Noire
51%
Alya Césaire Coccinelle Scarabella
51%
Alix Kubdel Lapin Bunnix
49%
Nino Lahiffe Tortue Carapace
49%
Marinette Dupain-Cheng Coccinelle (World Londres) Chronobug
49%
Nathalie Sancoeur Paon Mayura
49%
Marinette Dupain-Cheng Souris + Coccinelle Multibug
49%
Marinette Dupain-Cheng Souris Multimouse
49%
Marinette Dupain-Cheng Souris + Chat Noir Multinoir
49%
Gabriel Agreste Papillon + Paon Papillombre
49%
Marinette Dupain-Cheng Coccinelle + Cheval Pegabug
49%
Alya Césaire Renard (saison 4) Rena Furtive
49%
Zoé Lee Abeille Vesperia
49%
Adrien Agreste Chat Noir (forme spatial) Astrochat
46%
Marinette Dupain-Cheng Coccinelle + Chat Noir Bug Noire
46%
Rose Lavillant Cochon Pigella
46%
Marinette Dupain-Cheng Renard Renardette
46%
Adrien Agreste Serpent Aspik
43%
Marc Anciel Coq Coq Courage
43%
Marinette Dupain-Cheng Souris + Renard Multirouge
43%
Max Kanté Cheval Pégase
43%
Marinette Dupain-Cheng Coccinelle + Cheval + Lapin Pennybug
43%
Kim Chien-Lê Singe Roi Singe
43%
Marinette Dupain-Cheng Coccinelle + Dragon (forme aquatique) Aqua Dragon Bug
40%
Marinette Dupain-Cheng Coccinelle + Lapin Bunnybug
40%
Lila Rossi / Cerise Bianca Papillon Chrysalis
40%
Alya Césaire Renard (akumatisé) Rena Rage
40%
Kagami Tsurugi Dragon Ryuko
40%
Juleka Couffaine Tigre Tigresse Pourpre
40%
Nathaniel Kurtzberg Chèvre Caprikid
37%
Adrien Agreste Chat Noir (forme glacial) Ice Noir
37%
Chloé Bourgeois Abeille (akumatisé, Bataille des Miraculous) Miracle Queen
37%
Adrien Agreste Chat Noir (Kuro Neko) Patte de Velours
37%
Chloé Bourgeois Abeille (akumatisé) Queen Wasp
37%
Zoé Lee Abeille (saison 6) Vesperia Noire
37%
Luka Couffaine Serpent Viperion
37%
Adrien (Univers Inversé) Chat Noir Griffe Noire
34%
Marinette Dupain-Cheng Coccinelle + Papillon Ladyfly
34%
Adrien Agreste Chat Noir + Lapin Lapin Noir
34%
Ivan Bruel Taureau Minotaurox
34%
Mylène Haprèle Souris Polymouse
34%
Adrien Agreste Chat Noir + Serpent Serpent Noir
34%
Marinette (Univers Inversé) Coccinelle Toxinelle
34%
Adrien Agreste Tortue Trionyx
34%
Marinette Dupain-Cheng Coccinelle + Serpent Viperbug
34%
Marinette Dupain-Cheng Coccinelle + Chat Noir (forme spatiale) Cosmobugnoire
31%
Marinette (Univers Inversé) Coccinelle (héroïne) Ladybug
31%
Fei Wu Prodigious Lady Dragon
31%
Gabriel Agreste Papillon (catalysté) Papillon Écarlate
31%
Sabrina Raincomprix Chien Traquemoiselle
31%
Felix Fathom Paon (forme spatiale) Argos
26%
Alix Kubdel Chien Canigirl
26%
Nino Lahiffe Tortue (akumatisé) Carapire
26%
Adrien Agreste Chat Noir (kamikotisé) Chat Céleste
26%
Jessica Keynes Aigle Eagle
26%
Felix Fathom Chien Flairmidable
26%
Maître Fu Tortue Tortue de Jade
26%
Zoé Lee Chat Noir Blaqueminette
23%
Gabriel Agreste Papillon + Coccinelle Monarbug
23%
Marinette Dupain-Cheng Coccinelle (kamikotisé) Ladybiquity
20%
Marinette Dupain-Cheng Lapin Lapinette
20%
Gabriel Agreste Papillon + Paon + Chat Noir Ombre Noire
20%
Gabriel (Univers Inversé) Papillon Hesperia
17%
Jeanne D'arc Coccinelle La Parque Écarlate
17%
Kagami Tsurugi Dragon (forme spatiale) Astro Ryuko
14%
Maître Fu Paon Le Paon
14%
Mike Rochip Aigle Miraclonizer
14%
Alix Kubdel Chien + Lapin Bunny Dog
11%
Felix Fathom Paon Astro Argos
9%
Aucun quiz correspondant
Distribution des résultats
% des personnes avec chaque résultat
Percentile par nombre de réponses
Votre historique - résultats
Vous n’avez pas pris ce quiz depuis la dernière actualisation